Statistics for A-Z Disenchantment

Click here to take the quiz!

General Stats

  • This quiz has been taken 40 times
  • The average score is 15 of 26

Answer Stats

LetterHintAnswer% Correct
BShe is the 19-year-old princess of Dreamland and possible heir to the throne of Maru.Bean
97%
LHe lives in Dreamland and is Princess Bean's "personal demon".Luci
97%
EHe lives in Dreamland, and is Princess Bean's half-elf companion and friend.Elfo
94%
HAccording to Luci, most writers end up in _, possibly because they are alcoholics.Hell
83%
ZFirst name of the unscrupulous father of Bean and dethroned ruler of Dreamland.Zog
83%
NThe show airs on...Netflix
81%
OHe is prime minster of Dreamland and is serving as regent until King Derek come is of age.Odval
81%
QShe divorced King Zøg and became a pirate, becoming the infamous Pirate Queen.Queen Oona
81%
YOriginally the crown prince and heir apparent to the throne of Dreamland.Yog
75%
DThe magical realm in The World ruled by King Derek.Dreamland
72%
KShe is a promiscuous girl who has seemingly 'tummy touched' a few people in Elfwood.Kissy
69%
JWore the Crown during a ritual as a child and suffered puncture wounds to his head.Jerry
67%
XQueen Dagmar, Bean's biological mother and ____ of King Zøg.Ex-wife
61%
CThis lost city had a thriving economy of snakes which all the of world envied.Cremorrah
58%
RKing of the Elves, previous ruler of the Kingdom of Elfwood and current ruler of Elf Alley.Rulo
58%
MA desert kingdom neighboring the abandoned city-state of Cremorrah.Maru
56%
SThe regional manager of the Land Vikings that crashed Bean's party in the Dreamland Castle.Sven
50%
PWhere the Plague Patrol cremates the dead bodies of plague victims in Dreamland.Plague Pit
47%
TShe is a giant that was found by Pendergast, Turbish, Mertz and a few other knights.Tess
47%
GHe was supposed to be Princess Bean's fiance in an arranged wedding.Guysbert
44%
WPosted as a guard at the magical entrance gate that conceals Elfwood.Watcho
28%
FA tavern that now goes by the name of Luci's Inferno.Flying Scepter
25%
AA powerful demon and the ruler of Hell.Asmodeus
17%
UA mountain range near Dreamland.Unpassable Mountains
14%
VA valley through the above answer.Valley of Scorpions
6%
IA stronghold located in Hell that contains the Book of the Dead.Inferno Stronghold
0%

Score Distribution

Percentile by Number Answered

Percent of People with Each Score

Your Score History

You have not taken this quiz